Código de comercio de la república argentina con legislación complementaria actualizada

Guardado en:
Formato: Libro
Publicado: Buenos Aires : Errepar, 2008
Edición:7a. ed.
Materias:
Etiquetas: Agregar Etiqueta
Sin Etiquetas, Sea el primero en etiquetar este registro!
LEADER 00810nam a22002055a 4500
001 CEM.cems012887
005 20081209115445.0
008 130507s2008##################000#0#####d
003 CEMS
020 |a 9789870107491 
082 0 4 |a 347 
245 0 0 |a Código de comercio de la república argentina con legislación complementaria actualizada 
250 |a 7a. ed. 
260 |a Buenos Aires :  |b Errepar,  |c 2008 
300 |a 1036 p. + 1 DC-ROM 
500 |a Cd-rom con el Código y normas complementarias Actualización on line durante el año de edicióne-mail diario con las normas publicadas en el Boletín Oficial durante el año edición 
653 |a Código de comercio 
653 |a Códigos 
653 |a Argentina-código de comercio 
859 |a CEMS  |b BIB. CEMS - 11 de abril  |h 347  |i Ar37-7  |p 25166.08  |t Ej.1  |v 2008  |3 2008